LIBRARY ONLINE CATALOGUE

An introduction to children with language disorders; (Record no. 16794)

MARC details
000 -LEADER
fixed length control field 00477nam a22001817a 4500
003 - CONTROL NUMBER IDENTIFIER
control field OSt
005 - DATE AND TIME OF LATEST TRANSACTION
control field 20180409161726.0
008 - FIXED-LENGTH DATA ELEMENTS--GENERAL INFORMATION
fixed length control field 180409b xxu||||| |||| 00| 0 eng d
020 ## - INTERNATIONAL STANDARD BOOK NUMBER
International Standard Book Number 0205420427
040 ## - CATALOGING SOURCE
Transcribing agency KABU
050 ## - LIBRARY OF CONGRESS CALL NUMBER
Classification number RJ 496
Item number .L35R44 2005 C.1
100 ## - MAIN ENTRY--PERSONAL NAME
Personal name Reed, A. Vicki
245 ## - TITLE STATEMENT
Title An introduction to children with language disorders;
Statement of responsibility, etc. Vicki A. Reed
250 ## - EDITION STATEMENT
Edition statement 3rd ed.
260 ## - PUBLICATION, DISTRIBUTION, ETC. (IMPRINT)
Place of publication, distribution, etc. Boston:
Name of publisher, distributor, etc. Pearson;
Date of publication, distribution, etc. 2005.
300 ## - PHYSICAL DESCRIPTION
Other physical details xvi, 558p.
942 ## - ADDED ENTRY ELEMENTS (KOHA)
Source of classification or shelving scheme Library of Congress Classification
Koha item type General Collection
Holdings
Withdrawn status Lost status Source of classification or shelving scheme Not for loan Home library Current library Date acquired Cost, normal purchase price Inventory number Total Checkouts Full call number Barcode Date last seen Copy number Price effective from Koha item type
    Library of Congress Classification   Kabarak, Main Campus Kabarak, Main Campus 09/04/2018 4650.00 2018/0866   RJ 496 .L35R44 2005 C.1 024659 09/04/2018 C. 1 09/04/2018 General Collection